000 00604cab a2200181 4500
001 ##L132510
008 060214n2006 000 0 eng u
035 _a(Sirsi) u132510
041 0 _aeng
245 0 0 _aRegional
_bMidtown, Euston and Kings Cross
260 _c2006
490 0 _aProperty Week
_v71(6) 10 February 2006, 95-107(7)
520 _aReviews progress on the regeneration of Kings Cross, the redevelopment of Euston and growth in the Midtown office market.
590 _aIKA140206
650 _aMIDTOWN
690 _aPROPERTY-COMMERCIAL PROPERTY-COMMERCIAL PROPERTY MARKET
942 _n0
999 _c76483
_d76483